Detalles MARC
| 000 -CABECERA |
| campo de control de longitud fija |
01108cam a2200325 a 4500 |
| 001 - NÚMERO DE CONTROL |
| campo de control |
000011184 |
| 005 - FECHA Y HORA DE LA ÚLTIMA TRANSACCIÓN |
| campo de control |
20200929162400.0 |
| 008 - DATOS DE LONGITUD FIJA--INFORMACIÓN GENERAL |
| campo de control de longitud fija |
821213s1975 sp 001 0 spa |
| 040 ## - FUENTE DE LA CATALOGACIÓN |
| Centro catalogador/agencia de origen |
DO-SdBNP |
| Centro/agencia transcriptor |
CarP |
| Centro/agencia modificador |
DLC |
| 050 00 - SIGNATURA TOPOGRÁFICA DE LA BIBLIOTECA DEL CONGRESO |
| Número de clasificación |
RC11.3 |
| Número de documento/Ítem |
.M67 |
| 082 ## - NÚMERO DE LA CLASIFICACIÓN DECIMAL DEWEY |
| Número de clasificación |
nnn |
| Número de documento/Ítem |
M843, 1975 |
| 049 ## - FONDOS LOCALES (OCLC) |
| Fondos de biblioteca |
BNGR |
| 100 1# - ENTRADA PRINCIPAL--NOMBRE DE PERSONA |
| Nombre de persona |
Moreno, José María. |
| 9 (RLIN) |
26717 |
| 245 10 - MENCIÓN DE TÍTULO |
| Título |
Hagase Vd. mismo su chequeo médico. / |
| Mención de responsabilidad, etc. |
José María Moreno. |
| 246 3# - FORMA VARIANTE DE TÍTULO |
| Título propio/Titulo breve |
Hagase Usted mismo su chequeo médico. |
| 250 ## - MENCIÓN DE EDICIÓN |
| Mención de edición |
2a ed. |
| 260 ## - PUBLICACIÓN, DISTRIBUCIÓN, ETC. |
| Lugar de publicación, distribución, etc. |
Madrid, : |
| Nombre del editor, distribuidor, etc. |
Dístein, |
| Fecha de publicación, distribución, etc. |
1975. |
| 300 ## - DESCRIPCIÓN FÍSICA |
| Extensión |
127 p. ; |
| Dimensiones |
20 cm. |
| 490 ## - MENCIÓN DE SERIE |
| Mención de serie |
Biblioteca de consulta Dístein |
| 500 ## - NOTA GENERAL |
| Nota general |
WB 120 M843th 1974] |
| 650 #0 - PUNTO DE ACCESO ADICIONAL DE MATERIA--TÉRMINO DE MATERIA |
| Término de materia o nombre geográfico como elemento de entrada |
Diagnosis. |
| 9 (RLIN) |
26718 |
| 650 #0 - PUNTO DE ACCESO ADICIONAL DE MATERIA--TÉRMINO DE MATERIA |
| Término de materia o nombre geográfico como elemento de entrada |
Physical diagnosis. |
| 9 (RLIN) |
26719 |
| 650 #0 - PUNTO DE ACCESO ADICIONAL DE MATERIA--TÉRMINO DE MATERIA |
| Término de materia o nombre geográfico como elemento de entrada |
Periodic health examinations. |
| 9 (RLIN) |
26720 |
| 650 #2 - PUNTO DE ACCESO ADICIONAL DE MATERIA--TÉRMINO DE MATERIA |
| Término de materia o nombre geográfico como elemento de entrada |
Diagnosis |
| Subdivisión general |
Popular works. [from old catalog] |
| 9 (RLIN) |
26721 |
| 650 #2 - PUNTO DE ACCESO ADICIONAL DE MATERIA--TÉRMINO DE MATERIA |
| Término de materia o nombre geográfico como elemento de entrada |
Physical examination |
| Subdivisión general |
Popular works. [from old catalog] |
| 9 (RLIN) |
26722 |
| 650 #2 - PUNTO DE ACCESO ADICIONAL DE MATERIA--TÉRMINO DE MATERIA |
| Término de materia o nombre geográfico como elemento de entrada |
Preventive medicine |
| Subdivisión general |
Popular works. [from old catalog] |
| 9 (RLIN) |
26723 |
| 830 #0 - PUNTO DE ACCESO ADICIONAL DE SERIE-TÍTULO UNIFORME |
| Título uniforme |
Biblioteca de consulta Dístein ; |
| 9 (RLIN) |
26724 |
| 910 ## - DATOS DE OPCIÓN DEL USUARIO (OCLC) |
| Datos de opción del usuario |
Catalogación derivada |
| 910 ## - DATOS DE OPCIÓN DEL USUARIO (OCLC) |
| Datos de opción del usuario |
DC |